| 000 | 00543nam a2200181 i 4500 | ||
|---|---|---|---|
| 001 | 123929 | ||
| 003 | ES-MaACL | ||
| 005 | 20230906192257.0 | ||
| 007 | t| | ||
| 008 | 070214s1967 sp |||| | spa d | ||
| 100 | 1 |
_aRamos-Gil, Carlos. _995319 |
|
| 245 | 1 | 0 |
_aClaves líricas de García Lorca / _cCarlos Ramos-Gil. |
| 260 |
_aMadrid : _bAguilar, _c1967. |
||
| 300 |
_a334 p. ; _c20 cm. |
||
| 600 | 1 | 4 |
_aGarcía Lorca, Federico, _d1898-1936- _xCrítica e interpretación _954857 |
| 852 |
_aES-MaACL _jC-34005 |
||
| 999 |
_c123929 _d123929 |
||